000 00607nam a2200241Ia 4500
003 OSt
005 20221005125417.0
006 a|||||r|||| 00| 0
007 ta
008 221004b |||||||| |||| 00| 0 tam d
024 _a47683
037 _cTextual
040 _aCRL
_cCRL
_btam
041 _2tam
_atam
082 _aO31vM, N4
100 _aSivakami S. Au.
_9636633
245 0 _aPattoupatam Nurrantut tamil ilakkiyam
260 _c1999
300 _a383p.
_ccm.
650 _aTAMIL LITERATURE
942 _hO31vM, N4
_cTEXL
_2cc
999 _c1053929
_d1053929